LEADER 00588naa a2200145 i 4500 001 000000303068 003 CaOOAMICUS 005 20180831172753.0 008 180831n xx u000 u und u 013 $a10803 040 $aSeMil$bita 100 1 $aLemoyne de Forges, Jean-Michel.$0(OLS)http://semarc/name/86975 245 13$aLa religion dans l'école laïque. 773 0 $aColloque national des Juristes Catholiques <10. ; 1989 ; Paris>$tLaïcité au défi de la modernité.$dParis : Téqui, 1990.$z2-85244-989-7$w()36929 996 $6245$aLa religion dans l'école laïque$9(OLS)http://semarc/title/379028 LEADER 00586naa a2200157 i 4500 001 000000299971 003 CaOOAMICUS 005 20180831172654.0 008 180831n xx u000 u und u 013 $a7621 040 $aSeMil$bita 100 1 $aGonzalez, Carlos Ignacio .$0(OLS)http://semarc/name/86187 245 13$aLa situazione nel Perù. 650 4$aChiesa - Perù.$0(OLS)http://semarc/subject/20704 773 0 $tConcilio Vaticano 2..$dCinisello Balsamo : San Paolo, 2000.$z88-215-4279-3$gp.480-505$w()76327 996 $6245$aLa situazione nel Perù$9(OLS)http://semarc/title/375988